| 000 | 00426cam a2200157ua 4500 | ||
|---|---|---|---|
| 041 |
_aeng _h |
||
| 082 |
_a515.7 _bTIT/ TH |
||
| 100 | _aTitchmarsh, E C . | ||
| 245 |
_aTheory of functions / _cE C T itchmarsh. _hTextual Documents |
||
| 250 |
_a1 / _b. |
||
| 260 |
_aLondon : _bThe english language book society and Oxford university press , _c1932. |
||
| 300 | _a454 ; . | ||
| 504 | _a | ||
| 942 | _cBK | ||
| 999 |
_c2282 _d2282 |
||